000 00556nam a2200181Ia 4500
005 20250508153350.0
008 008 250505s9999 xx 000 0 eng d
037 _aBooks to be hide in OPAC
040 _aFEDL
_beng
_cFEDL
041 _aeng
_2eng
084 _a028.5, COL
_qFEDL
100 _aColburn Evangeline
_9763775
245 0 _aBooks and library reading for pupils of the intermediate grades
260 _aChicago
_bThe University of Chicago Press
_c1942
300 _a167p.
942 _cHB
_h028.5, COL
999 _c1342327
_d1342327